Loading...
| Current Events | 4 | 10.00 | 75% | 0% | 25% |
| Fine Arts - Auditory Fine Arts | 4 | 17.50 | 100% | 25% | 50% |
| Fine Arts - Visual Fine Arts | 9 | 10.00 | 89% | 11% | 0% |
| Geography | 3 | 13.33 | 100% | 33% | 0% |
| History - American History | 2 | 10.00 | 100% | 0% | 0% |
| History - Ancient History | 5 | 8.00 | 80% | 0% | 0% |
| History - European History | 3 | 16.67 | 100% | 67% | 0% |
| History - World History | 4 | 12.50 | 75% | 50% | 0% |
| Literature - American Literature | 1 | 10.00 | 100% | 0% | 0% |
| Literature - British Literature | 4 | 17.50 | 100% | 50% | 25% |
| Literature - World Literature | 3 | 13.33 | 67% | 67% | 0% |
| Mythology | 1 | 10.00 | 0% | 100% | 0% |
| Other Academic | 2 | 20.00 | 100% | 50% | 50% |
| Philosophy | 1 | 20.00 | 100% | 100% | 0% |
| Religion | 3 | 10.00 | 67% | 33% | 0% |
| Science - Biology | 6 | 8.33 | 83% | 0% | 0% |
| Science - Chemistry | 4 | 10.00 | 50% | 50% | 0% |
| Science - Other Science | 4 | 12.50 | 100% | 25% | 0% |
| Science - Physics | 2 | 20.00 | 100% | 100% | 0% |
| Social Science | 4 | 12.50 | 100% | 25% | 0% |